• 首页
  • 本馆介绍
  • 公告通知
  • 最新文献
  • 馆藏检索
  • 电子资源
  • 读者导购
  • 参考咨询
  • 我的图书馆
  • 登录
  • 详细信息显示
  • 放入我的书架
  • 预约/预借图书
  • 作者相关作品
  • 分类相关作品
  • 丛书相关作品
  • 出版社相关作品

书目信息

  • 表格格式
  • 工作单格式
  • 卡片格式
题名:
中国近代教育文献丛刊
    
 
作者: ;越生文化 主编
分册: 12   留学教育卷
出版信息: 杭州   浙江教育出版社  2020.01
页数: 370页
开本: 26cm
丛书名:
单 册:
中图分类: G529.5 , G648.9-55
科图分类:
主题词: 教育--jiao yu--文献--中国--近代--丛刊 , 留学教育--liu xue jiao yu--文献--中国--近代--丛刊
电子资源:
ISBN: 978-7-5536-9638-6
000 01578nam0 2200289 450
001 2058845931
005 20201126152100.45
010    @a978-7-5536-9638-6@b精装@dCNY480.00
100    @a20200601e2020 em y0chiy50 ea
101 0  @achi
102    @aCN@b330000
105    @ay z 000yy
106    @ar
200 1  @a中国近代教育文献丛刊@9zhong guo jin dai jiao yu wen xian cong kan@i留学教育卷@h12@f越生文化主编
205    @a[影印本]
210    @a杭州@c浙江教育出版社@d2020.01
215    @a370页@d26cm
300    @a中国近代文献保护工程“十三五”国家重点出版物出版规划项目
327 1  @a第一届甲种留法公费生考试试题@a管理中英庚款董事会考选第五届留英公费生章程@a德国留学指导书/张天麟编译@a中国留法比瑞同学会同学录/中国留法比瑞同学会编@a留英须知
330    @a近代文献是20世纪中国走向世界、融合中西方文化、推动中国文化开放发展的历史见证,对于当代中国社会的发展具有重要作用。教育文献是近代文献的一个重要组成部分。近代以来,无数志士仁人为改造传统教育、发展新式教育进行了不懈的努力、深入的思考和多方面的艰苦探索,留下了大量宝贵的文献资料。出版这些饱含着先贤智慧和心血的文献资料,不仅是一种重大的历史责任,更有着强烈的现实意义。《中国近代教育文献丛刊留学教育卷》共收录近现代留学教育(含教育考察)方面的书籍90种,按内容分为四类:综合类、留学日本、留学美国(含欧美合一书者)、留学欧洲。
606 0  @a教育@9jiao yu@x文献@y中国@z近代@j丛刊
606 0  @a留学教育@9liu xue jiao yu@x文献@y中国@z近代@j丛刊
690    @aG529.5@v5
690    @aG648.9-55@v5
711 02 @a越生文化@9yue sheng wen hua@4主编
801  0 @aCN@bBJSZM@c20201125
905    @b1270213-4@dG529.5@e389:12@f2
    
    中国近代教育文献丛刊.留学教育卷.12/越生文化主编.-[影印本].-杭州:浙江教育出版社,2020.01
    370页;26cm
    中国近代文献保护工程“十三五”国家重点出版物出版规划项目
    部分内容:第一届甲种留法公费生考试试题;管理中英庚款董事会考选第五届留英公费生章程;德国留学指导书/张天麟编译;中国留法比瑞同学会同学录/中国留法比瑞同学会编;留英须知
    ISBN 978-7-5536-9638-6(精装):CNY480.00
    近代文献是20世纪中国走向世界、融合中西方文化、推动中国文化开放发展的历史见证,对于当代中国社会的发展具有重要作用。教育文献是近代文献的一个重要组成部分。近代以来,无数志士仁人为改造传统教育、发展新式教育进行了不懈的努力、深入的思考和多方面的艰苦探索,留下了大量宝贵的文献资料。出版这些饱含着先贤智慧和心血的文献资料,不仅是一种重大的历史责任,更有着强烈的现实意义。《中国近代教育文献丛刊留学教育卷》共收录近现代留学教育(含教育考察)方面的书籍90种,按内容分为四类:综合类、留学日本、留学美国(含欧美合一书者)、留学欧洲。
●
相关链接 在E读中查询图书 在五车中查询图书 在当当中查询图书 在豆瓣中查询图书


正题名:中国近代教育文献丛刊     索取号:G529.5/389:12         预约/预借

序号 登录号 条形码 馆藏地/架位号 状态 备注
1 1270213   212702137   第一样本阅览室/ [索取号:G529.5/389:12] 在馆    
2 1270214   212702146   第四借阅区/ [索取号:G529.5/389:12] 在馆    
唐山师范学院图书馆 欢迎您!
大连网信软件有限公司© 版权所有